000 00209nam a22000977a 4500
003 OSt
008 210118b ||||| |||| 00| 0 eng d
100 _aCherukad, .
_94888
245 _aMuthasshi
942 _cBK
999 _c16667
_d16667